000 00277nam a2200121Ia 4500
005 20251222141825.0
008 251222s9999||||xx |||||||||||||| ||spa||
082 _a513/S55A
100 _aSilva Santisteban, Mario
245 0 _aAritmética:
264 _bSan Marcos
942 _cLIB
999 _c6939
_d6939